00370pab a2200133 454500008004000000100002200040245006900062260000900131300001300140362000800153650004100161650001600202773001800218180718b2002 xxu||||| |||| 00| 0 eng d aRatnam, N. Vijaya aA review of the corporatisation of agriculture in Andhra Pradesh c2002 ap.53-56. aApr aAgriculture - India - Andhra Pradesh aAgriculture aThird Concept